Colleges With the Highest Graduation Rates - Statistics

General Stats
  • This quiz has been taken 17 times
  • The average score is 14 of 25
Answer Stats
Grad. Rate School % Correct
98% Harvard
100%
96% Dartmouth
93%
96% MIT
93%
94% Stanford
93%
96% Brown
87%
96% Columbia
87%
96% Yale
87%
95% Cornell
80%
98% Princeton
80%
95% Northwestern
73%
97% Pennsylvania
73%
97% Duke
60%
96% U. Chicago
53%
94% Caltech
47%
95% Georgetown
47%
95% Rice
47%
94% Johns Hopkins
40%
94% Georgia Tech
33%
95% Notre Dame
33%
96% Virginia
33%
95% Bowdoin
27%
95% Amherst
20%
94% Middlebury
7%
94% Swarthmore
7%
96% Williams
7%
No matching quizzes found
Score Distribution
Percent of People with Each Score
Percentile by Number Answered
Your Score History
You have not taken this quiz